000 00482nam a2200181Ia 4500
005 20260415160338.0
008 008 250505s9999 xx 000 0 hin d
037 _aTextual
040 _aFEDL
_beng
_cFEDL
041 _ahin
_2hin
084 _aB GAN
_qFEDL
100 _aGandhi Mohandas Karamchand
245 0 _aDelhi-diary
260 _aAhmedabad, India
_bNavajivan Publishing House
_c1948
300 _a419p
942 _cTEXL
_hB GAN
999 _c1321923
_d1321923